Expert Committee on Multi-State Cooperative Societies Legislation: report (Record no. 489642)

000 -LEADER
fixed length control field 00636cam a22001457a 4500
008 - FIXED-LENGTH DATA ELEMENTS--GENERAL INFORMATION
fixed length control field 180718b1972 xxu||||| |||| 00| 0 eng d
082 ## - DEWEY DECIMAL CLASSIFICATION NUMBER
Classification number T1603x54 In2e
100 ## - MAIN ENTRY--PERSONAL NAME
Personal name India. Expert Committee on Multi-State Cooperative Socities Legislation
245 ## - TITLE STATEMENT
Title Expert Committee on Multi-State Cooperative Societies Legislation: report
Statement of responsibility, etc. by Department of Cooperation, Ministry of Agriculture
260 ## - PUBLICATION, DISTRIBUTION, ETC.
Place of publication, distribution, etc. New Delhi
Name of publisher, distributor, etc. Department of Cooperation, Ministry of Agriculture
Date of publication, distribution, etc. 1972
300 ## - PHYSICAL DESCRIPTION
Extent 221+p.
500 ## - GENERAL NOTE
General note Chairman: Udaybhansinhji
700 ## - ADDED ENTRY--PERSONAL NAME
Personal name India. Ministry of Agriculture. Department of Cooperation
700 ## - ADDED ENTRY--PERSONAL NAME
Personal name Udaybhansinhji (Chairman)
Holdings
Withdrawn status Lost status Damaged status Not for loan Permanent Location Current Location Date acquired Full call number Barcode Date last seen Price effective from Koha item type
        Indian Institute of Public Administration Indian Institute of Public Administration 2018-08-04 T1603x54 In2e GG13740 2018-08-04 2018-08-04 GG

Powered by Koha